000 02441cam a2200337 4500500
005 20260322011256.0
041 _afre
042 _adc
100 1 0 _aFressoz, Jean-Baptiste
_eauthor
245 0 0 _aCirconvenir les circumfusa. La chimie, l'hygiénisme et la libéralisation des « choses environnantes » : France, 1750-1850
260 _c2009.
500 _a3
520 _aL’essentiel des conflits environnementaux suscités par les usines de la révolution industrielle furent résolus par des indemnités versées aux voisins. Comment les eaux et les airs, c’est-à-dire les « choses environnantes » qui déterminent la santé, selon la médecine néohippocratique, sont-ils devenus, au début du XIXe siècle, de simples objets de transaction financière ? Pour caractériser cette grande transformation, j’étudie la régulation policière et parlementaire des environnements artisanaux sous l’Ancien Régime, puis le rôle de l’hygiénisme et de la révolution chimique (quantification de la matière, industrialisation des procédés) dans le processus de libéralisation de l’environnement.
520 _aMost environmental conflicts created by the industrial revolution were solved by industries paying indemnities to their adjoining communities. How did air and water – which were major determinants of health according to neohippocratic medicine – become the objects of financial transactions ? To characterise this great transformation, I study the regulation of workshop conditions by local police and parliaments of the Ancien Régime. Then, I underline the role of hygiene and the chemical revolution (the quantification of matter and the industrialisation of manufacturing processes) in the rise of a liberal regime of environmental regulation.
690 _achimie
690 _aenvironnement
690 _ahygiénisme
690 _aIndustrialisation
690 _alibéralisation
690 _asoude
690 _aXVIIIe-XIXe siècles
690 _a18 th-19 th centuries
690 _aalkali
690 _achemistry
690 _aenvironment
690 _aIndustrialisation
690 _aliberalism
690 _apublic health
786 0 _nRevue d’histoire moderne & contemporaine | 56-4 | 4 | 2009-11-01 | p. 39-76 | 0048-8003
856 4 1 _uhttps://shs.cairn.info/revue-d-histoire-moderne-et-contemporaine-2009-4-page-39?lang=fr&redirect-ssocas=7080
999 _c1763639
_d1763639